[Event "Vestland Kretsmesterskap 2019"]
[Site "Skranevatnet skole, Sandsli"]
[Date "2019.06.14"]
[Round "1"]
[White "Martinsen, Stig K"]
[Black "Lura, Njål"]
[Result "1-0"]
[WhiteElo "2181"]
[BlackElo "1642"]
[PlyCount "105"]
[EventDate "2019.??.??"]

1. d4 Nf6 2. Bg5 c5 3. Bxf6 gxf6 4. d5 f5 5. c4 Bg7 6. Nc3 O-O 7. e3 d6 8. Bd3
b5 9. cxb5 a6 10. Qc2 Qa5 11. Nge2 axb5 12. Bxb5 Na6 13. a3 Nc7 14. Bc4 e6 15.
O-O e5 16. Ng3 e4 17. f3 f4 18. exf4 exf3 19. Rxf3 Bg4 20. Rff1 Rab8 21. Rab1
h5 22. Nf5 Bxf5 23. Qxf5 Bxc3 24. bxc3 Qxc3 25. Rbc1 Qg7 26. Qxh5 Rb2 27. Qh3
Re8 28. Qg3 Qxg3 29. hxg3 Re3 30. Rf3 Ree2 31. Bxe2 Rxe2 32. Rd3 Ra2 33. Rb1 c4
34. Rc3 Nxd5 35. Rxc4 Rxa3 36. Rd4 Nc3 37. Rb8+ Kg7 38. Rxd6 Ne2+ 39. Kf2 Nxg3
40. Rdb6 Ne4+ 41. Kg1 Ra1+ 42. Rb1 Ra2 43. R8b2 Ra5 44. Re1 Ng3 45. Re3 Nf5 46.
Re5 Ra1+ 47. Kh2 Kg6 48. Rb6+ f6 49. Ree6 Kh5 50. Rxf6 Kg4 51. Rb5 Ne3 52. Rg5+
Kh4 53. Rh6#
1-0

[Event "Vestland Kretsmesterskap 2019"]
[Site "Skranevatnet skole, Sandsli"]
[Date "2019.06.14"]
[Round "1"]
[White "Mansoor, Afras"]
[Black "Mongstad, Dag"]
[Result "1-0"]
[WhiteElo "1958"]
[BlackElo "1467"]
[PlyCount "55"]
[EventDate "2019.??.??"]

1. d4 d5 2. c4 e6 3. Nc3 Be7 4. Qc2 Nf6 5. cxd5 exd5 6. Bg5 O-O 7. e3 Bg4 8.
Bd3 Nbd7 9. f3 Bh5 10. Nge2 Bg6 11. Bxg6 hxg6 12. h4 c5 13. O-O-O Qa5 14. Kb1
c4 15. e4 Rfe8 16. Nf4 dxe4 17. fxe4 b5 18. Bxf6 Nxf6 19. e5 Nd7 20. h5 b4 21.
hxg6 f6 22. Qe2 Nb6 23. Rh8+ Kxh8 24. Rh1+ Kg8 25. Rh8+ Kxh8 26. Qh5+ Kg8 27.
Qh7+ Kf8 28. Ne6#
1-0

[Event "Vestland Kretsmesterskap 2019"]
[Site "Skranevatnet skole, Sandsli"]
[Date "2019.06.14"]
[Round "1"]
[White "Schick, Matheo"]
[Black "Sekkingstad, Thomas"]
[Result "0-1"]
[WhiteElo "1450"]
[BlackElo "1767"]
[PlyCount "62"]
[EventDate "2019.??.??"]

1. e4 c6 2. d4 d5 3. exd5 cxd5 4. Bd3 Nf6 5. h3 Nc6 6. Nf3 h6 7. Bf4 Qb6 8. b3
Bd7 9. c3 Rc8 10. O-O e6 11. Nbd2 Be7 12. a4 O-O 13. b4 a5 14. b5 Na7 15. c4
dxc4 16. Nxc4 Qd8 17. b6 Nc6 18. Bc7 Rxc7 19. bxc7 Qxc7 20. Nce5 Nxd4 21. Nxd7
Nxf3+ 22. Qxf3 Qxd7 23. Bb5 Qd5 24. Qc3 Ne4 25. Qxa5 Bc5 26. Rfd1 Bxf2+ 27. Kh1
Qe5 28. Ra3 Bc5 29. Rc3 Bd6 30. Rxd6 Nxd6 31. Bd3 Qxa5
0-1

[Event "Vestland Kretsmesterskap 2019"]
[Site "Skranevatnet skole, Sandsli"]
[Date "2019.06.14"]
[Round "1"]
[White "Johannessen, Heine N"]
[Black "Vågenes, Anders Hjøllo"]
[Result "1-0"]
[WhiteElo "1718"]
[BlackElo "1389"]
[PlyCount "83"]
[EventDate "2019.??.??"]

1. d4 d5 2. Nf3 Nf6 3. c4 e6 4. Nc3 Be7 5. Bf4 c6 6. e3 O-O 7. Qc2 h6 8. Rd1
Nbd7 9. a3 dxc4 10. Bxc4 Nb6 11. Ba2 Nh5 12. Bb1 f5 13. Be5 Nf6 14. O-O Qe8 15.
e4 g5 16. exf5 exf5 17. Rfe1 Qf7 18. Ne2 Nfd5 19. Ng3 h5 20. Qd2 Qg6 21. h4
gxh4 22. Ne2 h3 23. g3 Qg4 24. Nh2 Qg6 25. Nf4 Nxf4 26. Bxf4 Nd5 27. Ba2 Bf6
28. Nf3 Qg4 29. Ne5 Bxe5 30. Bxe5 Kh7 31. Bxd5 cxd5 32. Qf4 Bd7 33. Rc1 Bc6 34.
b4 a6 35. f3 Qxf4 36. Bxf4 Rfe8 37. Be5 Re7 38. Kh2 Rae8 39. Kxh3 Kg6 40. Rc5
Rd7 41. Ra1 Bb5 42. a4
1-0

[Event "Vestland Kretsmesterskap 2019"]
[Site "Skranevatnet skole, Sandsli"]
[Date "2019.06.15"]
[Round "2"]
[White "Sekkingstad, Thomas"]
[Black "Martinsen, Stig K"]
[Result "0-1"]
[WhiteElo "1767"]
[BlackElo "2181"]
[PlyCount "84"]
[EventDate "2019.??.??"]

1. d4 c5 2. c3 Qc7 3. Nf3 Nf6 4. Nbd2 g6 5. dxc5 Qxc5 6. Nb3 Qc7 7. Bg5 Bg7 8.
e3 d6 9. Bd3 Nbd7 10. O-O a6 11. Qe2 O-O 12. Rfd1 b6 13. Rac1 Bb7 14. Bb1 Rfe8
15. h3 Rac8 16. Bf4 Qb8 17. Bh2 Qa8 18. Ne1 Bf8 19. f3 e5 20. Rd2 a5 21. a3 d5
22. Rcd1 Bh6 23. Nc2 Bc6 24. Bg3 b5 25. Bf2 Nb6 26. Ne1 Bf8 27. Bd3 Nc4 28.
Bxc4 bxc4 29. Na1 Qb7 30. Bh4 Nd7 31. e4 dxe4 32. fxe4 Nb6 33. Bf2 Bxe4 34.
Nac2 Bc6 35. Ne3 h5 36. N1c2 Be7 37. Re1 Bc5 38. Nxc4 Bxf2+ 39. Kxf2 Nxc4 40.
Qxc4 Bxg2 41. Qa2 Bxh3 42. Ne3 Be6
0-1

[Event "Vestland Kretsmesterskap 2019"]
[Site "Skranevatnet skole, Sandsli"]
[Date "2019.06.15"]
[Round "2"]
[White "Lura, Njål"]
[Black "Lie, Terje"]
[Result "1/2-1/2"]
[WhiteElo "1642"]
[BlackElo "1530"]
[PlyCount "131"]
[EventDate "2019.??.??"]

1. c4 Nf6 2. g3 Nc6 3. Bg2 e6 4. Nc3 Be7 5. d3 O-O 6. e4 e5 7. Nge2 d6 8. O-O
Bd7 9. h3 Qc8 10. Kh2 Nd4 11. Nxd4 exd4 12. Ne2 c5 13. f4 Bc6 14. a3 a6 15. f5
Nd7 16. Ng1 Ne5 17. Nf3 f6 18. Nxe5 dxe5 19. h4 b5 20. b3 bxc4 21. bxc4 Rb8 22.
Bd2 Qc7 23. Qc2 Rb7 24. Rab1 Rfb8 25. Rxb7 Rxb7 26. Rb1 Rxb1 27. Qxb1 Bd8 28.
Bf3 Qb6 29. Qxb6 Bxb6 30. Bd1 Bd8 31. g4 g6 32. Kg3 Be8 33. g5 Kf7 34. Kg4 Bd7
35. Bf3 fxg5 36. Bxg5 h5+ 37. Kg3 Ba5 38. fxg6+ Kxg6 39. Be7 Be1+ 40. Kg2 Bg4
41. Bxg4 hxg4 42. h5+ Kxh5 43. Bxc5 Kg5 44. Bd6 Kf4 45. c5 Ke3 46. c6 Ba5 47.
c7 Bxc7 48. Bxc7 Kxd3 49. Bxe5 Kxe4 50. Bc7 d3 51. Kf2 Kd4 52. Ke1 Kc3 53. Kd1
d2 54. Bd6 Kd3 55. Bf4 Ke4 56. Bxd2 g3 57. Ba5 Kd3 58. Kc1 g2 59. Bb6 Kc3 60.
a4 Kd3 61. Kb2 Kc4 62. Ka3 Kc3 63. a5 Kc4 64. Ka4 Kc3 65. Bf2 Kc4 66. Bg1
1/2-1/2

[Event "Vestland Kretsmesterskap 2019"]
[Site "Skranevatnet skole, Sandsli"]
[Date "2019.06.15"]
[Round "2"]
[White "Vågenes, Anders Hjøllo"]
[Black "Sneeggen, Espen"]
[Result "0-1"]
[WhiteElo "1389"]
[BlackElo "1585"]
[PlyCount "88"]
[EventDate "2019.??.??"]

1. c4 Nf6 2. g3 e6 3. Bg2 d5 4. d4 Be7 5. Nc3 O-O 6. b3 Nc6 7. e3 Re8 8. Nge2
Bf8 9. O-O Ne7 10. Bb2 c6 11. c5 Ng6 12. f4 Ng4 13. Rf3 f6 14. h3 Nh6 15. Qe1
e5 16. g4 exd4 17. exd4 Qc7 18. Qf2 Bd7 19. b4 Re7 20. Re1 Rae8 21. f5 Nh8 22.
Bc1 N8f7 23. Re3 Ng5 24. Rxe7 Bxe7 25. Bf4 Qd8 26. Qg3 Ngf7 27. Qd3 Bf8 28. Kf2
Ng5 29. Nc1 Rxe1 30. Kxe1 Qe8+ 31. Qe2 Ngf7 32. Bf3 g6 33. fxg6 hxg6 34. b5 Qc8
35. a4 g5 36. Be3 f5 37. Nd3 fxg4 38. hxg4 Bxg4 39. Bxg4 Nxg4 40. Kd2 Nxe3 41.
Qxe3 g4 42. Qg3 Bg7 43. Ne2 Ng5 44. Nf2 Ne4+ 
0-1

[Event "Vestland Kretsmesterskap 2019"]
[Site "Skranevatnet skole, Sandsli"]
[Date "2019.06.14"]
[Round "2"]
[White "Mongstad, Dag"]
[Black "Schick, Matheo"]
[Result "1-0"]
[WhiteElo "1467"]
[BlackElo "1450"]
[PlyCount "93"]
[EventDate "2019.??.??"]

1. e4 c5 2. Nf3 Nc6 3. d4 cxd4 4. Nxd4 g6 5. c4 Bg7 6. Be3 Nf6 7. Nc3 O-O 8.
Be2 d6 9. Qd2 Ng4 10. Bxg4 Bxg4 11. f3 Bd7 12. b3 Qa5 13. O-O e6 14. Rac1 Ne7
15. Nde2 d5 16. cxd5 exd5 17. Nxd5 Qd8 18. Bc5 Nxd5 19. Bxf8 Qxf8 20. Qxd5 Bc6
21. Qc5 Qxc5+ 22. Rxc5 Rd8 23. Rc2 a5 24. Rfc1 Bh6 25. Rb1 Bb5 26. Kf2 Rd3 27.
Nc3 Be3+ 28. Ke1 Ba6 29. Rd1 Bd4 30. Rxd3 Bxd3 31. Rc1 Be3 32. Rd1 Ba6 33. Nd5
Bg1 34. Nc7 Bxh2 35. Nxa6 bxa6 36. Rd5 Bc7 37. Rc5 Bd6 38. Rc6 Bb4+ 39. Ke2 h5
40. Rxa6 h4 41. Kd3 Kg7 42. Kc4 g5 43. Rb6 Be1 44. b4 axb4 45. Rxb4 Bxb4 46.
Kxb4 Kf6 47. a4
1-0

[Event "Vestland Kretsmesterskap 2019"]
[Site "Skranevatnet skole, Sandsli"]
[Date "2019.06.15"]
[Round "2"]
[White "Johannessen, Theo N"]
[Black "Sivertsen, Jarle"]
[Result "0-1"]
[WhiteElo "1553"]
[BlackElo "1579"]
[PlyCount "102"]
[EventDate "2019.??.??"]

1. d4 Nf6 2. Nf3 d5 3. c4 c6 4. Nc3 dxc4 5. e4 b5 6. e5 Nd5 7. Nxd5 Qxd5 8. a4
Bg4 9. Be2 e6 10. O-O Be7 11. b3 cxb3 12. axb5 a5 13. Ba3 cxb5 14. Bxe7 Kxe7
15. Qd2 Nc6 16. Qg5+ Kd7 17. Qxg4 a4 18. Nd2 Nxd4 19. Bf3 Nxf3+ 20. Nxf3 Kc7
21. Qb4 Rhd8 22. h3 Kb6 23. Rfc1 Rd7 24. Kh1 Raa7 25. Kg1 f6 26. exf6 gxf6 27.
Kh1 e5 28. Kg1 e4 29. Ne1 Qd4 30. Qxd4+ Rxd4 31. Rab1 Rd2 32. f3 b2 33. Rc2
Rxc2 34. Nxc2 exf3 35. gxf3 a3 36. Kf2 Kc5 37. Nxa3 Rxa3 38. Rxb2 Kc4 39. Re2
b4 40. Re4+ Kc5 41. Re7 Ra6 42. Ke2 Rd6 43. Rc7+ Kb6 44. Rc8 Rd5 45. Ke3 Rh5
46. Rf8 f5 47. Kf4 Kc5 48. Ke3 Kc4 49. h4 Kc3 50. Rc8+ Kb2 51. Rc5 f4+
0-1

[Event "Vestland Kretsmesterskap 2019"]
[Site "Skranevatnet skole, Sandsli"]
[Date "2019.06.15"]
[Round "3"]
[White "Sivertsen, Jarle"]
[Black "Mansoor, Afras"]
[Result "0-1"]
[WhiteElo "1579"]
[BlackElo "1958"]
[PlyCount "46"]
[EventDate "2019.??.??"]

1. d4 Nf6 2. Nc3 d5 3. Bf4 c5 4. e3 e6 5. Nf3 Be7 6. g4 Qa5 7. Nd2 cxd4 8. Nb3
Qb6 9. exd4 Bd7 10. g5 Ne4 11. Nxe4 dxe4 12. Bg2 Bc6 13. Qe2 a5 14. Bxe4 a4 15.
Bxc6+ Qxc6 16. O-O axb3 17. cxb3 O-O 18. h4 Qd5 19. Qe3 Nc6 20. Rfd1 Nb4 21.
Rd2 Rfc8 22. Qg3 Rxa2 23. Rxa2 Rc1+
0-1

[Event "Vestland Kretsmesterskap 2019"]
[Site "Skranevatnet skole, Sandsli"]
[Date "2019.06.15"]
[Round "3"]
[White "Lie, Terje"]
[Black "Hina, Ariza"]
[Result "0-1"]
[WhiteElo "1530"]
[BlackElo "1662"]
[PlyCount "84"]
[EventDate "2019.??.??"]

1. d4 d5 2. c4 e6 3. Nf3 Nf6 4. Nc3 c6 5. e3 Nbd7 6. Qc2 Be7 7. b3 O-O 8. Be2
a6 9. O-O dxc4 10. bxc4 b5 11. c5 Qc7 12. Ne4 e5 13. Bb2 exd4 14. Nxf6+ Nxf6
15. Bxd4 Be6 16. Ng5 h6 17. Bxf6 hxg5 18. Bxe7 Qxe7 19. Rfd1 Rfd8 20. a3 Rxd1+
21. Rxd1 Rd8 22. Rxd8+ Qxd8 23. Qd3 Qa5 24. g3 Bc4 25. Qd1 Bxe2 26. Qxe2 Qxa3
27. Qc2 a5 28. Qf5 Qa1+ 29. Kg2 Qf6 30. Qc8+ Kh7 31. Qh3+ Kg6 32. g4 Qe5 33.
Qh5+ Kf6 34. Qh8 Qxc5 35. Qd8+ Kg6 36. Qxa5 Qd5+ 37. Kg3 Qd6+ 38. Kg2 b4 39.
Qf5+ Kh6 40. Qxf7 Qd5+ 41. Qf3 Qxf3+ 42. Kxf3 b3 
0-1

[Event "Vestland Kretsmesterskap 2019"]
[Site "Skranevatnet skole, Sandsli"]
[Date "2019.06.15"]
[Round "3"]
[White "Schick, Matheo"]
[Black "Lura, Njål"]
[Result "0-1"]
[WhiteElo "1450"]
[BlackElo "1642"]
[PlyCount "70"]
[EventDate "2019.??.??"]

1. e4 c6 2. d4 d5 3. exd5 cxd5 4. Bd3 Nc6 5. c3 Nf6 6. h3 g6 7. Nf3 Bf5 8. Bf4
Bxd3 9. Qxd3 e6 10. O-O Bd6 11. Bxd6 Qxd6 12. Re1 O-O 13. Nbd2 a6 14. Ne5 Rfc8
15. Qf3 Kg7 16. Nb3 b6 17. Re2 a5 18. Rae1 a4 19. Nd2 b5 20. g4 Qc7 21. h4 h5
22. gxh5 Nxh5 23. Kh1 Rh8 24. Rg1 Nf6 25. Qg3 Rh6 26. Ndf3 Rah8 27. Qf4 Ne7 28.
Nxg6 Qxf4 29. Nxf4+ Kf8 30. Rg5 Nf5 31. Ng2 Ne4 32. Rg4 Nf6 33. Rf4 Rg8 34. Ng5
Rxg5 35. Kg1 Nxh4
0-1

[Event "Vestland Kretsmesterskap 2019"]
[Site "Skranevatnet skole, Sandsli"]
[Date "2019.06.15"]
[Round "3"]
[White "Mongstad, Dag"]
[Black "Johannessen, Theo N"]
[Result "1/2-1/2"]
[WhiteElo "1467"]
[BlackElo "1553"]
[Annotator "klubb"]
[PlyCount "54"]
[EventDate "2019.??.??"]

1. e4 c5 2. Nf3 g6 3. c4 Nc6 4. d4 cxd4 5. Nxd4 Nf6 6. Nc3 d6 7. Be2 Nxd4 8.
Qxd4 Bg7 9. Be3 O-O 10. Qd2 Qa5 11. O-O Re8 12. f3 Bd7 13. b3 Ng4 14. Bd4 Ne5
15. Rac1 Rac8 16. f4 Ng4 17. Bxg7 Kxg7 18. h3 Qc5+ 19. Kh1 Nh6 20. e5 Bc6 21.
exd6 exd6 22. Bf3 Nf5 23. Nd5 Ng3+ 24. Kh2 Nxf1+ 25. Rxf1 Bxd5 26. Bxd5 Qe3 27.
Qb2+ f6 {Partiet varte i 66 trekk, men fortsettelsen er uklar.}
1/2-1/2

[Event "Vestland Kretsmesterskap 2019"]
[Site "Skranevatnet skole, Sandsli"]
[Date "2019.06.16"]
[Round "4"]
[White "Mansoor, Afras"]
[Black "Martinsen, Stig K"]
[Result "1/2-1/2"]
[WhiteElo "1958"]
[BlackElo "2181"]
[PlyCount "105"]
[EventDate "2019.??.??"]

1. d4 d6 2. e4 Nf6 3. Nc3 g6 4. Be3 c6 5. f3 b5 6. g4 h5 7. g5 Nfd7 8. f4 b4 9.
Nce2 Nb6 10. b3 d5 11. Bg2 dxe4 12. Qd2 Nd5 13. Bxe4 Be6 14. c4 bxc3 15. Nxc3
Bg7 16. Nge2 Qd7 17. O-O Na6 18. Rad1 Rd8 19. Nxd5 Bxd5 20. Bxd5 Qxd5 21. f5
gxf5 22. Nf4 Qe4 23. Rfe1 Qf3 24. Qa5 Qg4+ 25. Ng2 Nb8 26. Qxa7 O-O 27. Bf4 e5
28. h3 Qf3 29. Rf1 Qxh3 30. dxe5 Rxd1 31. Rxd1 h4 32. Qf2 Qg4 33. Rd3 h3 34.
Rg3 Qd1+ 35. Ne1 Nd7 36. g6 fxg6 37. Rxg6 Kf7 38. Rg5 Rg8 39. Bg3 Ke8 40. Qa7
h2+ 41. Kh1 Qd5+ 42. Ng2 Qd1+ 43. Be1 Qf3 44. Bf2 Qd1+ 45. Be1 Qf3 46. Qf2 Nxe5
47. Rxf5 Qxf2 48. Bxf2 Rf8 49. Rxf8+ Bxf8 50. Kxh2 Nd3 51. Be3 Nb4 52. a4 Kd7
53. Kg3 1/2-1/2

[Event "Vestland Kretsmesterskap 2019"]
[Site "Skranevatnet skole, Sandsli"]
[Date "2019.06.16"]
[Round "4"]
[White "Hølleland, Sigve"]
[Black "Sekkingstad, Thomas"]
[Result "1-0"]
[WhiteElo "2053"]
[BlackElo "1767"]
[PlyCount "79"]
[EventDate "2019.??.??"]

1. c4 c6 2. d4 d5 3. cxd5 cxd5 4. Bf4 Qb6 5. Nc3 Nf6 6. Qb3 Qxb3 7. axb3 Bd7 8.
Bxb8 Rxb8 9. Rxa7 e6 10. e3 Bb4 11. Bd3 O-O 12. Nge2 Ne4 13. f3 Nd6 14. Kf2 f6
15. Rha1 Bc6 16. Na2 Nc8 17. Nxb4 Nxa7 18. Rxa7 Ra8 19. Ra3 g6 20. Nc3 Rfd8 21.
Na4 Bxa4 22. bxa4 Rdc8 23. Nc2 Rc6 24. Ke2 Rac8 25. Kd2 Kf7 26. b4 e5 27. b5
R6c7 28. a5 Ke6 29. a6 bxa6 30. b6 Rc6 31. b7 Rb8 32. Rxa6 Kd6 33. Nb4 Rxa6 34.
Bxa6 exd4 35. exd4 Rd8 36. Bb5 Kc7 37. Bc6 Kb6 38. Bxd5 Re8 39. Bc6 Rd8 40. d5
1-0

[Event "Vestland Kretsmesterskap 2019"]
[Site "Skranevatnet skole, Sandsli"]
[Date "2019.06.16"]
[Round "4"]
[White "Lura, Njål"]
[Black "Mongstad, Dag"]
[Result "1-0"]
[WhiteElo "1642"]
[BlackElo "1467"]
[PlyCount "63"]
[EventDate "2019.??.??"]

1. c4 Nf6 2. g3 e6 3. Bg2 d5 4. Nf3 Be7 5. O-O dxc4 6. Qa4+ Bd7 7. Qxc4 Bc6 8.
Nc3 O-O 9. d4 b6 10. Re1 Bb7 11. Nb5 c6 12. Nc3 c5 13. dxc5 Bxc5 14. b4 Be7 15.
Bb2 Nbd7 16. Red1 Qc8 17. Qb3 Nd5 18. Rac1 Nxc3 19. Rxc3 Qe8 20. Rc7 Bd5 21.
Qc2 Bd6 22. Ng5 g6 23. Bxd5 exd5 24. Rc6 Be5 25. Rxd5 Bxb2 26. Qxb2 Ne5 27. Rc7
f6 28. Nxh7 Rf7 29. Nxf6+ Rxf6 30. Qxe5 Qf8 31. Rdd7 a6 32. Qd5+ 
1-0

[Event "Vestland Kretsmesterskap 2019"]
[Site "Skranevatnet skole, Sandsli"]
[Date "2019.06.16"]
[Round "4"]
[White "Borlaug, Jonas Kleppe"]
[Black "Sivertsen, Jarle"]
[Result "1/2-1/2"]
[WhiteElo "1315"]
[BlackElo "1579"]
[PlyCount "146"]
[EventDate "2019.??.??"]

1. e4 c5 2. Nf3 Nc6 3. d4 cxd4 4. Nxd4 e5 5. Nf3 Nf6 6. Nc3 Bb4 7. Bd3 d5 8.
Qe2 dxe4 9. Bxe4 Nxe4 10. Qxe4 O-O 11. O-O Bxc3 12. bxc3 Re8 13. Bb2 f6 14.
Rfe1 Be6 15. Qa4 Qc7 16. Nd2 Rad8 17. Rad1 Qf7 18. Nb3 Qg6 19. Rc1 Bh3 20. Qe4
f5 21. Qf3 Bg4 22. Qg3 f4 23. Qh4 Ne7 24. f3 Nf5 25. Qxg4 Qb6+ 26. Kh1 Ne3 27.
Qg5 Rd6 28. Rg1 a5 29. Ba3 Rg6 30. Qh4 Nf5 31. Bc5 Qxc5 32. Nxc5 Nxh4 33. Nxb7
Nf5 34. Rge1 Ne3 35. Re2 Rc6 36. Nxa5 Rxc3 37. Nb3 Ra8 38. Nd2 Rxa2 39. Ne4
Rcxc2 40. Rexc2 Rxc2 41. Rxc2 Nxc2 42. Kg1 Kf7 43. Kf2 Nd4 44. Nd6+ Kg6 45. Ne4
h6 46. Nd2 Kf5 47. Ne4 Nb5 48. g4+ Ke6 49. h4 Nd6 50. Nc3 h5 51. gxh5 Nf5 52.
Ne4 Nxh4 53. Ke2 Nf5 54. Kf2 Ne7 55. Kg2 Ng8 56. Nc5+ Kf5 57. Kh3 Nf6 58. Kh4
Nh7 59. Ne4 Nf8 60. Nf2 Ne6 61. Ne4 Nd4 62. Nd2 Nc2 63. Ne4 Ne1 64. Nd2 Ng2+
65. Kh3 Ne3 66. Kh4 Nd5 67. Ne4 Nf6 68. Nd2 e4 69. fxe4+ Nxe4 70. Nf3 Ng3 71.
Nd2 Nxh5 72. Kxh5 g5 73. Nf3 Ke4 
1/2-1/2

[Event "Vestland Kretsmesterskap 2019"]
[Site "Skranevatnet skole, Sandsli"]
[Date "2019.06.16"]
[Round "5"]
[White "Martinsen, Stig K"]
[Black "Hina, Ariza"]
[Result "1-0"]
[WhiteElo "2181"]
[BlackElo "1662"]
[PlyCount "65"]
[EventDate "2019.??.??"]

1. d4 d5 2. c4 e6 3. Nc3 Nf6 4. cxd5 exd5 5. Bg5 Be7 6. e3 c6 7. Bd3 O-O 8. Qc2
h6 9. Bh4 Be6 10. Nge2 Nbd7 11. f3 c5 12. Nf4 c4 13. Be2 Bd6 14. Nfxd5 Bxd5 15.
Nxd5 Qa5+ 16. Nc3 Nd5 17. Bf2 Bb4 18. O-O Bxc3 19. bxc3 Qxc3 20. Qxc3 Nxc3 21.
Bxc4 Rac8 22. Bd3 Nd5 23. Rfc1 g6 24. e4 Nf4 25. Bf1 Nb6 26. d5 g5 27. g3 Ng6
28. Bd4 h5 29. Bh3 Rxc1+ 30. Rxc1 h4 31. Bf6 hxg3 32. hxg3 Re8 33. d6 1-0

[Event "Vestland Kretsmesterskap 2019"]
[Site "Skranevatnet skole, Sandsli"]
[Date "2019.06.16"]
[Round "5"]
[White "Mansoor, Afras"]
[Black "HÃ¸lleland, Sigve"]
[Result "0-1"]
[WhiteElo "1958"]
[BlackElo "2053"]
[PlyCount "69"]
[EventDate "2019.??.??"]

1. c4 Nf6 2. g3 g6 3. Bg2 Bg7 4. Nc3 O-O 5. d3 c6 6. e4 d5 7. cxd5 cxd5 8. e5
Nfd7 9. d4 e6 10. Nge2 f6 11. exf6 Qxf6 12. O-O Nc6 13. Be3 Nb6 14. b3 Bd7 15.
Qd2 Nc8 16. Bh3 N8e7 17. Bg5 Qf7 18. Bxe7 Nxe7 19. f4 Rac8 20. Rac1 b5 21. Qd3
b4 22. Nb1 Nc6 23. Nd2 Qe7 24. Bg2 Qd8 25. Nf3 Qb6 26. Kh1 Ne7 27. Bh3 Bb5 28.
Qe3 Nf5 29. Bxf5 exf5 30. Ne5 Bxe2 31. Qxe2 Qxd4 32. Rxc8 Rxc8 33. Nxg6 hxg6
34. Qe6+ Kh7 35. Re1 0-1

[Event "Vestland Kretsmesterskap 2019"]
[Site "Skranevatnet skole, Sandsli"]
[Date "2019.06.16"]
[Round "5"]
[White "Sekkingstad, Thomas"]
[Black "VÃ¥genes, Anders HjÃ¸llo"]
[Result "0-1"]
[WhiteElo "1767"]
[BlackElo "1389"]
[PlyCount "54"]
[EventDate "2019.??.??"]

1. d4 g6 2. c4 Bg7 3. Nc3 Nf6 4. Nf3 O-O 5. Bf4 d6 6. h3 Nbd7 7. e3 Nh5 8. Bh2
e5 9. Be2 f5 10. dxe5 dxe5 11. Qd5+ Kh8 12. Ng5 Qxg5 13. g4 Nhf6 14. Qg2 Ne8
15. h4 Qe7 16. a3 c6 17. g5 Nb6 18. h5 Kg8 19. hxg6 hxg6 20. Qh3 Kf7 21. Qf3 e4
22. Qf4 Nd7 23. Rd1 Ne5 24. Nxe4 Rh8 25. c5 Be6 26. Nd6+ Nxd6 27. Rxd6 Rad8 0-1

[Event "Vestland Kretsmesterskap 2019"]
[Site "Skranevatnet skole, Sandsli"]
[Date "2019.06.16"]
[Round "5"]
[White "Sivertsen, Jarle"]
[Black "Sneeggen, Espen"]
[Result "1-0"]
[WhiteElo "1579"]
[BlackElo "1585"]
[PlyCount "59"]
[EventDate "2019.??.??"]

1. Nf3 d5 2. g3 c5 3. Bg2 Nc6 4. d4 cxd4 5. Nxd4 Nf6 6. O-O e5 7. Nxc6 bxc6 8.
c4 Be6 9. Qa4 Qd7 10. Nc3 Bc5 11. Rd1 O-O 12. cxd5 Bh3 13. dxc6 Qf5 14. Be3
Bxe3 15. fxe3 Ng4 16. Rf1 Qh5 17. Bf3 f5 18. Bxg4 Bxg4 19. Qc4+ Kh8 20. Rf2
Rac8 21. Rd1 Qh6 22. c7 Qxe3 23. Nd5 Qg5 24. Qc5 f4 25. Ne7 Rce8 26. Nc6 Bh3
27. Nxa7 Rf7 28. c8=Q Rxc8 29. Nxc8 fxg3 30. Qf8+ 1-0

[Event "Vestland Kretsmesterskap 2019"]
[Site "Skranevatnet skole, Sandsli"]
[Date "2019.06.16"]
[Round "5"]
[White "Schick, Matheo"]
[Black "Johannessen, Theo N"]
[Result "1/2-1/2"]
[WhiteElo "1450"]
[BlackElo "1553"]
[PlyCount "71"]
[EventDate "2019.??.??"]

1. e4 c5 2. Nf3 g6 3. d4 cxd4 4. Nxd4 Nc6 5. Nc3 Bg7 6. Be3 Nf6 7. f3 d5 8.
exd5 Nxd5 9. Nxd5 Qxd5 10. Bb5 Bd7 11. Bxc6 Bxc6 12. Nxc6 Qxc6 13. c3 O-O 14.
O-O Rfd8 15. Qb3 b6 16. Rad1 Qc7 17. f4 e6 18. Qb4 Bf8 19. Qe4 Bc5 20. Bd4
Bxd4+ 21. Rxd4 Rxd4 22. Qxa8+ Rd8 23. Qf3 Qd6 24. Re1 Kg7 25. Qe4 h5 26. Kf2
Qc5+ 27. Qe3 Rd2+ 28. Re2 Rxe2+ 29. Kxe2 Qb5+ 30. Kf3 Qxb2 31. Qe5+ Kf8 32.
Qb8+ Kg7 33. Qe5+ Kf8 34. Qb8+ Kg7 35. Qe5+ Kf8 36. Qb8+ 1/2-1/2